Southville International School and Colleges
Your cart is empty.
  • Cart
  • Lists
    Public lists Eva Luna New books Lux_list list_1
    Your lists Log in to create your own lists
  • Log in to your account
  • Your cookies
  • Search history
Southville International School and Colleges
  • Advanced search
  • Recent comments
  • Most popular
  • Libraries

Log in to your account

Log in with GOOGLE


If you do not have an external account, but do have a local account, you can still log in:

  1. Home
  2. MARC view: 101 things to do for Christmas /
Normal view MARC view ISBD view

101 things to do for Christmas / (Record no. 344917)

[ view plain ]
MARC details
000 -LEADER
fixed length control field 00713nam a2200253Ia 4500
008 - FIXED-LENGTH DATA ELEMENTS--GENERAL INFORMATION
fixed length control field 171025s9999 xx 000 0 und d
020 ## - INTERNATIONAL STANDARD BOOK NUMBER
International Standard Book Number 9780806627922
050 ## - LIBRARY OF CONGRESS CALL NUMBER
Classification number 745.59
050 ## - LIBRARY OF CONGRESS CALL NUMBER
Item number On58 1995
100 ## - MAIN ENTRY--PERSONAL NAME
Personal name O'Neil, Debbie Trafton
245 ## - TITLE STATEMENT
Title 101 things to do for Christmas /
245 ## - TITLE STATEMENT
Statement of responsibility, etc by Debbie Trafton O'Neal ; illustrated by Louise Comfort.
260 ## - PUBLICATION, DISTRIBUTION, ETC. (IMPRINT)
Place of publication, distribution, etc Minneapolis :
260 ## - PUBLICATION, DISTRIBUTION, ETC. (IMPRINT)
Name of publisher, distributor, etc Augsburg,
260 ## - PUBLICATION, DISTRIBUTION, ETC. (IMPRINT)
Date of publication, distribution, etc 1995
300 ## - PHYSICAL DESCRIPTION
Extent 63 pages :
300 ## - PHYSICAL DESCRIPTION
Other physical details chiefly colored ;
300 ## - PHYSICAL DESCRIPTION
Dimensions 27cm.
650 ## - SUBJECT ADDED ENTRY--TOPICAL TERM
Topical term or geographic name as entry element Christmas cards.
650 ## - SUBJECT ADDED ENTRY--TOPICAL TERM
Topical term or geographic name as entry element Christmas cookery.
650 ## - SUBJECT ADDED ENTRY--TOPICAL TERM
Topical term or geographic name as entry element Christmas decorations.
700 ## - ADDED ENTRY--PERSONAL NAME
Personal name Title : One hundred and one things to do for Christmas.
700 ## - ADDED ENTRY--PERSONAL NAME
Personal name Title.
Holdings
Withdrawn status Lost status Damaged status Home library Current library Date acquired Total Checkouts Full call number Barcode Date last seen Price effective from Koha item type
      Stonyhurst Southville International School (Malarayat) Stonyhurst Southville International School (Malarayat) 10/25/2017   NF 745.59 On58 1995 SSISM3970 10/25/2017 10/25/2017 Books

101 things to do for Christmas /

APA

O'Neil D. T., Title : One hundred and one things to do for Christmas & Title.101 things to do for Christmas. Minneapolis: .

Chicago

O'Neil Debbie Trafton, Title : One hundred and one things to do for Christmas and Title.101 things to do for Christmas. Minneapolis: .

Harvard

O'Neil D. T., Title : One hundred and one things to do for Christmas and Title.101 things to do for Christmas. Minneapolis: .

MLA

O'Neil Debbie Trafton, Title : One hundred and one things to do for Christmas and Title.Minneapolis: . .

  • Place hold
  • Print
  • Cite
  • Add to your cart (remove)
  • Save record
    BIBTEX Dublin Core MARCXML MARC (non-Unicode/MARC-8) MARC (Unicode/UTF-8) MARC (Unicode/UTF-8, Standard) MODS (XML) RIS
  • More searches
    Search for this title in:
    Other Libraries (WorldCat) Other Databases (Google Scholar) Online Stores (Bookfinder.com) Open Library (openlibrary.org)

Exporting to Dublin Core...

SOUTHVILLE LIBRARY

Southville International School and Colleges Library

1281 Tropical Ave. Cor. Luxembourg St., BF Homes International, Las Pinas City

Tel. No. 8256374 / 252358 Loc. 117/146

Powered by Koha